| 000 | 00442 a2200169 4500 | ||
|---|---|---|---|
| 003 | OSt | ||
| 005 | 20180116182803.0 | ||
| 008 | 160818b xxu||||| |||| 00| 0 eng d | ||
| 020 | _a817554094X | ||
| 040 | _c0 | ||
| 100 | _aTrevor L Young | ||
| 245 |
_aThe Handbook of Project Managment _cTrevor L Young |
||
| 260 |
_aNew Delhi _bKogan Page _c1999 |
||
| 300 |
_a223 p. _bPB |
||
| 440 | _aThe Handbook of Project Managment | ||
| 942 |
_2ddc _cBK |
||
| 999 |
_c345962 _d345962 |
||